| 000 | 00476nam a2200157Ia 4500 | ||
|---|---|---|---|
| 008 | 210716s2011 xx 000 0 und d | ||
| 020 | _a9780071078016 | ||
| 041 | _aeng | ||
| 082 | _a332.64 SASK | ||
| 100 | _aSasidharan, K; Mathews, Alex K. | ||
| 245 | _aSecurity analysis and portfolio management. | ||
| 250 | _a1 | ||
| 260 |
_aNew Delhi _bTata McGraw Hill Education Private Limited _c2011 |
||
| 300 | _axxviii,680 | ||
| 650 | _aInvestment Analysis & Portfolio Management | ||
| 999 |
_c207651 _d207651 |
||